000 00338pam a2200157a 44500
008 230515b1919 xxu||||| |||| 00| 0 eng d
020 _aNULL
041 _aHINDI
082 _a1
100 _aDWIVEDI
245 _aAASVARISHT SANGRHA
250 _a1
260 _aSANGAI
_bN.D.
_c1919
300 _a100
650 _aAASVARISHT SANGRHA
999 _c497021
_d497021